00311 a2200133 4500001000700000020001800007040003500025100003000060240003000090245002500120300001000145362000900155440001300164157036 a9788574421476 cEscola São Tomás de Aquino aFONTES, Rosa Maria Miguel10aO abraço das coreslpor10aO abraço das cores a44 p.0 a2013 1aMiguilim